00994nam a22002657a 45000010005000000030006000050050017000110080041000280200018000690400029000870500012001160820012001281000018001402450059001582600038002173000050002554900064003055050008003695200198003775210020005755210020005956500053006156500027006687000033006955213FISKH20241212092224.0241119b cb ||||| |||| 00| 0 eng d a9780531222065 aFISKHbengcFISKHdFISKH aQC16.E5 a530.092 aVenezia, Mike aAlbert Einstein :buniversal genius /cby Mike Venezia aNew York :bScholastic ;c2009 . a32 pages : bcolor illustrations ; c25 cm .  aGetting to Know the World's Greatest Inventors & Scientists aZ  aPresents the life and accomplishments of the renowned physicist, discussing his theory of relativity and the ways in which it transformed the world's understanding about how the universe works.8 a910 bLexile 8 aZ bRaz-Plus  aEinstein, Albert 1879-1955vjuvenile literature  ainventorsvnon-fiction aVenezia, Mike eillustrator